Statistics for Most Abundant Elements in Earth's Crust

Click here to take the quiz!

General Stats

  • This quiz has been taken 23 times
  • The average score is 7 of 15

Answer Stats

PpmAnswer% Correct
461,000Oxygen
85%
56,300Iron
75%
1,400Hydrogen
70%
282,000Silicon
70%
23,600Sodium
65%
82,300Aluminum
60%
41,500Calcium
55%
23,300Magnesium
55%
20,900Potassium
55%
1,050Phosphorus
40%
585Fluorine
35%
425Barium
5%
5,650Titanium
5%
950Maganese
0%
370Strontium
0%

Score Distribution

Percentile by Number Answered

Percent of People with Each Score

Your Score History

You have not taken this quiz